Logo BPK

Biblioteka

Politechniki Koszalińskiej

Sparks : (Rekord nr 49063)

Szczegóły MARC
000 -ETYKIETA REKORDU
podpole kontrolne o stałej długości 00601nam a2200181 i 4500
001 - NUMER KONTROLNY REKORDU
pole kontrolne bgj
040 ## - ŹRÓDŁO KATALOGOWANIA
Instytucja, która utworzyła rekord BPK
041 0# - KOD JĘZYKA
Kod języka tekstu eng
008 - POLE O STAŁEJ DŁUGOŚCI - DANE KONTROLNE
podpole kontrolne o stałej długości s uk f |000 0 eng
100 1# - NAZWA OSOBOWA
Nazwa osobowa SZPOTOWICZ, Magdalena
245 10 - TYTUŁ/ODPOWIEDZIALNOŚĆ
Tytuł Sparks :
Ciąg dalszy tytułu współpraca z rodzicami : przewodnik dla nauczyciela /
Pozostałe elementy strefy tytułu i oznaczenia odpowiedzialności Magdalena Szpotowicz i Małgorzata Szulc-Kurpaska.
260 ## - STREFA ADRESU WYDAWNICZEGO
Miejsce wydania Warszawa :
Nazwa wydawcy/dystrybutora Oxford University Press.
300 ## - STREFA OPISU FIZYCZNEGO
Objętość 20 pp ;
Rozmiary 30 cm.
650 #9 - HASŁO PRZEDMIOTOWE W FORMIE NAZWY OGÓLNEJ LUB JEDNOSTKOWEJ
Nazwa ogólna lub geograficzna English language
Określnik ogólny Primary schools
-- Young learners
655 ## - TERMIN INDEKSOWY - OKREŚLENIE RODZAJU/FORMY DOKUMENTU
Określenie rodzaju/formy dokumentu Textbooks for children
700 1# - HASŁO DODATKOWE - NAZWA OSOBOWA
Nazwa osobowa SZULC-KURPASKA, Małgorzata.
Określenie związku między hasłem a opisywanym materiałem co-author
856 ## - LOKALIZACJA I DOSTĘP DO ELEKTRONICZNYCH DOKUMENTÓW ZDALNYCH
Link (URL) http://koha.tu.koszalin.pl/cgi-bin/koha/opac-detail.pl?biblionumber=49063
Tekst linku Katalog online BPK
942 ## - DODATKOWE ELEMENTY (KOHA)
Typ dokumentu Książka
Egzemplarze
Wycofany Status egzemplarza Uszkodzony Dostępność Lokalizacja stała Lokalizacja bieżąca Miejsce przechowywania Sygnatura Kod kreskowy Typ dokumentu
      Dostępny Biblioteka Politechniki Koszalińskiej Biblioteka Politechniki Koszalińskiej Wypożyczalnia Językowa KA 6453 09045415 Książka
© 2023 Biblioteka Politechniki Koszalińskiej :: KOHA